000 00678nam a2200217Ii 4500
003 JO-AjNU
008 230605s9999||||xx |||||||||||||| ||und||
017 _a1997/6/798
020 _a978-9957-07-390-7
040 _aJO-AjNU
_bara
_erda
_cJO-AjNU
041 _aara
050 1 4 _aQC21.M8332 2011
100 3 _aسويلم، محمد عطيه واخرون,
_eauthor
_943205
245 0 0 _aالفيزياء العامة
264 3 1 _aعمان :دار الفكر ، 2011
300 _a367ص
336 _atext
_btxt
_2rdacontent
337 _aunmediated
_bn
_2rdamedia
338 _avolume
_bnc
_2rdacarrier
650 4 _aالعلوم الطبيعيه - الفيزياء
_943206
999 _aA18558
_c22126
_d22126